[Event "Kings vs Princes m"]
[Site "Calgary CAN"]
[Date "2019.07.03"]
[Round "13"]
[White "Demers, Chris"]
[Black "Wang, Paul"]
[Result "1/2-1/2"]
[WhiteElo "2261"]
[BlackElo "2010"]
[PlyCount "50"]
[EventDate "2019.04.09"]
[EventType "team"]
[EventRounds "2"]
[EventCountry "CAN"]

1. e4 e5 2. Nc3 Nf6 3. f4 d5 4. fxe5 Nxe4 5. Nf3 Nc6 6. Bb5 a6 7. Bxc6+ bxc6 8.
d3 Nxc3 9. bxc3 Be7 10. O-O O-O 11. Qe1 c5 12. Qg3 Bf5 13. Kh1 Rb8 14. Ba3 c4
15. Bxe7 Qxe7 16. Nd4 Bd7 17. dxc4 dxc4 18. e6 fxe6 19. Qxc7 Rxf1+ 20. Rxf1 Rf8
21. Rxf8+ Qxf8 22. Qxc4 Qf4 23. Kg1 Qe3+ 24. Kf1 Qf4+ 25. Kg1 Qe3+ 1/2-1/2

[Event "Kings vs Princes m"]
[Site "Calgary CAN"]
[Date "2019.07.03"]
[Round "13"]
[White "Raninga, Aditya"]
[Black "Findlay, Ian"]
[Result "1/2-1/2"]
[WhiteElo "2070"]
[BlackElo "2374"]
[PlyCount "130"]
[EventDate "2019.04.09"]
[EventType "team"]
[EventRounds "2"]
[EventCountry "CAN"]

1. e4 c5 2. Nf3 e6 3. d3 Nc6 4. g3 Nf6 5. Bg2 d5 6. Nbd2 Be7 7. O-O O-O 8. Re1
b5 9. e5 Nd7 10. Nf1 Bb7 11. h4 h6 12. Bf4 Qb6 13. N1h2 Rfc8 14. Qd2 Qd8 15.
Ng4 Bf8 16. Ngh2 a5 17. g4 a4 18. Nf1 a3 19. b3 Nd4 20. g5 h5 21. c3 Nf5 22.
Bh3 d4 23. Bxf5 exf5 24. Qe2 Qb6 25. c4 b4 26. N3d2 Qc6 27. f3 Re8 28. Qh2 Re6
29. Re2 Rae8 30. Rae1 g6 31. Bg3 Bg7 32. f4 Kh7 33. Kf2 Bf8 34. Qh3 Be7 35. Nh2
Bf8 36. Nhf3 Bg7 37. Qg2 Kg8 38. Qh2 R8e7 39. Kf1 Qc8 40. Rf2 Qe8 41. Rfe2 Bc6
42. Qf2 Bb7 43. Qh2 Nb8 44. Qf2 Qc6 45. Qh2 Na6 46. Bf2 Qd7 47. Bg3 Nc7 48. Ng1
Re8 49. Ndf3 Ba6 50. Qf2 Bf8 51. Nd2 Rb6 52. Bh2 Rbb8 53. Qf3 Bb7 54. Qf2 Re6
55. Bg3 Na8 56. Bh2 Nb6 57. Bg3 Qc6 58. Qf3 Qd7 59. Qf2 Be7 60. Bh2 Bd8 61. Bg3
Nc8 62. Bh2 Ba5 63. Bg3 Nb6 64. Rc1 Bc6 65. Bh2 Bb7 1/2-1/2

[Event "Kings vs Princes m"]
[Site "Calgary CAN"]
[Date "2019.07.03"]
[Round "13"]
[White "Tolentino, Patrick"]
[Black "Kostadinov, Georgi"]
[Result "0-1"]
[WhiteElo "1994"]
[BlackElo "2213"]
[PlyCount "82"]
[EventDate "2019.04.09"]
[EventType "team"]
[EventRounds "2"]
[EventCountry "CAN"]

1. e4 d6 2. Nf3 e5 3. g3 Nf6 4. Bg2 Be7 5. d3 O-O 6. O-O Nc6 7. c3 d5 8. Nbd2
Re8 9. Re1 dxe4 10. dxe4 Bg4 11. Qc2 Qd7 12. Nc4 Qe6 13. Ne3 Rad8 14. Nxg4 Nxg4
15. b4 Qc4 16. Qb3 Qxb3 17. axb3 a6 18. Bf1 h6 19. Bc4 Nf6 20. Nd2 Na7 21. Nf1
Rd7 22. f3 Red8 23. Be3 Nb5 24. Rec1 Ne8 25. Be2 Bg5 26. Bxb5 axb5 27. Bxg5
hxg5 28. Ne3 Rd3 29. Rd1 Kf8 30. g4 c6 31. Kf2 R8d6 32. Rxd3 Rxd3 33. Rc1 Rd2+
34. Ke1 Rxh2 35. c4 bxc4 36. bxc4 Rb2 37. Nc2 Nc7 38. Kd2 Rb3 39. Rf1 Ne6 40.
b5 cxb5 41. cxb5 Rxb5 0-1

[Event "Kings vs Princes m"]
[Site "Calgary CAN"]
[Date "2019.07.24"]
[Round "14"]
[White "Kostadinov, Georgi"]
[Black "Srinivasan, Hemant"]
[Result "1-0"]
[WhiteElo "2213"]
[BlackElo "2068"]
[PlyCount "109"]
[EventDate "2019.04.09"]
[EventType "team"]
[EventRounds "2"]
[EventCountry "CAN"]

1. d4 d5 2. c4 e6 3. Nf3 Be7 4. Nc3 Nf6 5. g3 O-O 6. Bg2 c6 7. O-O Nbd7 8. Bf4
Re8 9. Re1 Nf8 10. e4 dxe4 11. Nxe4 Ng6 12. Bc1 Nxe4 13. Rxe4 c5 14. h4 f5 15.
Re1 cxd4 16. h5 Nh8 17. Bf4 Bf6 18. Ne5 Nf7 19. Qd3 Bxe5 20. Bxe5 Qg5 21. Bf3
f4 22. Bxf4 Qf6 23. Be4 h6 24. Bh7+ Kh8 25. Bg6 Bd7 26. Bxf7 Qxf7 27. Qxd4 Kg8
28. Qe5 Bc6 29. Re3 Qf5 30. Qxf5 exf5 31. Rd1 Rad8 32. Rxe8+ Rxe8 33. Be3 Bf3
34. Rd7 Re5 35. Kf1 Bc6 36. Rxg7+ Kxg7 37. Bd4 Bf3 38. Bxe5+ Kf7 39. Bf4 Kg7
40. Ke1 Bxh5 41. Kd2 Bf7 42. Kd3 h5 43. a4 Kf6 44. Kd4 Be8 45. a5 b5 46. a6 Ke6
47. Bb8 bxc4 48. Kxc4 Kd7 49. Bxa7 Kc7 50. Be3 Bf7+ 51. Kc5 Kb8 52. b4 Be6 53.
b5 Bc8 54. Kc6 Be6 55. b6 1-0

[Event "Kings vs Princes m"]
[Site "Calgary CAN"]
[Date "2019.07.24"]
[Round "14"]
[White "Rekhson, Vlad"]
[Black "Vasic, Maxim"]
[Result "0-1"]
[WhiteElo "2111"]
[BlackElo "2094"]
[PlyCount "110"]
[EventDate "2019.04.09"]
[EventType "team"]
[EventRounds "2"]
[EventCountry "CAN"]

1. e4 e5 2. Nf3 Nc6 3. Bb5 a6 4. Ba4 Nf6 5. O-O Be7 6. Re1 b5 7. Bb3 O-O 8. h3
d6 9. c3 h6 10. d4 Re8 11. Nbd2 Bf8 12. a4 b4 13. Bd5 Nxd5 14. exd5 bxc3 15.
bxc3 Ne7 16. c4 c6 17. dxc6 Nxc6 18. d5 Nb4 19. Ba3 Nd3 20. Re3 Nf4 21. Rb3 Qf6
22. Ne4 Qg6 23. Ng3 h5 24. Qb1 e4 25. Bc1 Ne2+ 26. Nxe2 exf3 27. Nf4 Re1+ 28.
Kh2 Qg5 29. Rxf3 Qh4 30. Qc2 Bg4 31. Rg3 Rae8 32. Bb2 R1e4 33. Nd3 Rc8 34. c5
dxc5 35. Ne5 Bf5 36. Nf3 Qf4 37. Qc3 Bg6 38. Kg1 Re2 39. Rd1 Qb4 40. Rd2 Rxd2
41. Nxd2 Qxa4 42. Nc4 Rd8 43. d6 Qd1+ 44. Kh2 Qc2 45. h4 Qxf2 46. Qe5 f6 47.
Qe6+ Bf7 48. Qe4 Re8 49. Qb7 Bxc4 50. d7 Re1 51. Rxg7+ Bxg7 52. d8=Q+ Kh7 53.
Qf3 Qxh4+ 54. Qh3 Qf4+ 55. g3 Re2+ 0-1

[Event "Langley op"]
[Site "Langley CAN"]
[Date "2019.08.31"]
[Round "1.1"]
[White "Nyamdorj, Davaa-Ochir"]
[Black "Qiu, Peter Yong"]
[Result "1-0"]
[WhiteElo "2305"]
[BlackElo "1402"]
[PlyCount "33"]
[EventDate "2019.08.31"]
[EventType "swiss"]
[EventRounds "6"]
[EventCountry "CAN"]

1. e4 e5 2. Nf3 Nc6 3. Bc4 Bc5 4. O-O Nf6 5. d4 exd4 6. e5 Ng4 7. Bxf7+ Kf8 8.
Bb3 d5 9. c3 Be7 10. cxd4 Be6 11. Nc3 Kf7 12. Ng5+ Bxg5 13. f4 Bh6 14. f5 Be3+
15. Bxe3 Nxe3 16. fxe6+ Ke8 17. Qf3 1-0

[Event "Langley op"]
[Site "Langley CAN"]
[Date "2019.08.31"]
[Round "1.2"]
[White "Mamaradlo, Jerald"]
[Black "Mohammed Qanee, Arpak Worya"]
[Result "0-1"]
[WhiteElo "1386"]
[BlackElo "2198"]
[PlyCount "100"]
[EventDate "2019.08.31"]
[EventType "swiss"]
[EventRounds "6"]
[EventCountry "CAN"]

1. d4 Nf6 2. Bf4 e6 3. e3 b6 4. Nf3 Bb7 5. Bd3 d5 6. Nbd2 Bd6 7. Bg3 Nbd7 8.
Qe2 Qe7 9. Ne5 Bxe5 10. dxe5 Ng8 11. c3 h5 12. h4 Nc5 13. Nb3 Nxd3+ 14. Qxd3 c5
15. Qb5+ Qd7 16. Qxd7+ Kxd7 17. O-O-O Kc7 18. Bf4 Ne7 19. f3 Nf5 20. Rh2 Rad8
21. g4 Ne7 22. Bg5 Rd7 23. Bxe7 Rxe7 24. g5 Rd7 25. f4 a5 26. Rhd2 a4 27. Na1
Rhd8 28. Nc2 Ba6 29. b3 axb3 30. axb3 Bb5 31. Kb2 Ra8 32. Ra1 Rxa1 33. Kxa1 Bf1
34. Kb2 Bh3 35. Na3 Kc6 36. c4 Ra7 37. Nb5 Ra8 38. e4 d4 39. Nd6 f6 40. Nf7 Rf8
41. g6 fxe5 42. fxe5 b5 43. Kc1 bxc4 44. bxc4 Bf1 45. Rc2 Bd3 46. Ra2 Bxc4 47.
Ra7 Bd3 48. Kd2 c4 49. Ra6+ Kc5 50. Rxe6 Bxe4 {Time.} 0-1

[Event "Langley op"]
[Site "Langley CAN"]
[Date "2019.08.31"]
[Round "1.3"]
[White "McLaren, Brian"]
[Black "Gu, Eric"]
[Result "1-0"]
[WhiteElo "2189"]
[BlackElo "1352"]
[PlyCount "71"]
[EventDate "2019.08.31"]
[EventType "swiss"]
[EventRounds "6"]
[EventCountry "CAN"]

1. e4 c5 2. Nc3 Nc6 3. g3 g6 4. Bg2 Bg7 5. d3 d6 6. Be3 Qa5 7. Nge2 Nd4 8. Bd2
e6 9. O-O Ne7 10. Nd5 Qd8 11. Nxe7 Qxe7 12. Nc1 O-O 13. c3 Nc6 14. Ne2 e5 15.
Be3 b5 16. f4 b4 17. Qd2 Rb8 18. Rf2 bxc3 19. bxc3 Qb7 20. Rc1 Qb2 21. Rc2 Qa3
22. h4 Qa5 23. f5 Ba6 24. f6 Bh8 25. g4 Qb5 26. c4 Qb7 27. Nc3 Qd7 28. Qd1 Bc8
29. g5 Nb4 30. Rb2 Qg4 31. Qxg4 Bxg4 32. Bf1 Be6 33. Nb5 a6 34. Nxd6 Rb6 35.
Bxc5 Rc6 36. Bxb4 1-0

[Event "Langley op"]
[Site "Langley CAN"]
[Date "2019.08.31"]
[Round "1.4"]
[White "MacDonell, Paul"]
[Black "Doknjas, Neil"]
[Result "0-1"]
[WhiteElo "1322"]
[BlackElo "2158"]
[PlyCount "46"]
[EventDate "2019.08.31"]
[EventType "swiss"]
[EventRounds "6"]
[EventCountry "CAN"]

1. e4 c5 2. Nf3 d6 3. d3 Nc6 4. g3 Bg4 5. Bg2 Nf6 6. h3 Bh5 7. O-O Qd7 8. Kh2
e6 9. Re1 Be7 10. Nbd2 Qc7 11. a3 d5 12. exd5 exd5 13. c3 O-O 14. b4 Nd7 15.
Nf1 cxb4 16. cxb4 Bf6 17. Ra2 Nd4 18. N1d2 Ne5 19. Kh1 Nxd3 20. Rf1 Rac8 21.
Nb3 Nxb3 22. Bf4 Nxf4 23. gxf4 Nd4 0-1

[Event "Langley op"]
[Site "Langley CAN"]
[Date "2019.08.31"]
[Round "1.5"]
[White "Patterson, Roger"]
[Black "Han, Aaron"]
[Result "1-0"]
[WhiteElo "2059"]
[BlackElo "1316"]
[PlyCount "61"]
[EventDate "2019.08.31"]
[EventType "swiss"]
[EventRounds "6"]
[EventCountry "CAN"]

1. c4 Nf6 2. Nc3 e6 3. e4 Nc6 4. d4 Bb4 5. e5 Ne4 6. Qd3 Nxc3 7. bxc3 Be7 8.
Nf3 d5 9. Qc2 b6 10. cxd5 exd5 11. Bb5 Bb7 12. Qa4 Qd7 13. e6 Qd6 14. Ne5 fxe6
15. Bxc6+ Bxc6 16. Qxc6+ Qxc6 17. Nxc6 Bd6 18. Nb4 O-O 19. Nd3 Rf7 20. a4 a5
21. Ba3 Bxa3 22. Rxa3 Rd8 23. Rb3 Rd6 24. O-O Rf8 25. Re1 Re8 26. g3 Rc6 27.
Ne5 Rd6 28. f4 Rdd8 29. Kg2 Rb8 30. Nc6 Rb7 31. Rb5 1-0

[Event "Langley op"]
[Site "Langley CAN"]
[Date "2019.08.31"]
[Round "1.6"]
[White "Zheng, Yawen"]
[Black "Taylor, Tristan"]
[Result "1-0"]
[WhiteElo "1297"]
[BlackElo "2057"]
[PlyCount "130"]
[EventDate "2019.08.31"]
[EventType "swiss"]
[EventRounds "6"]
[EventCountry "CAN"]

1. e4 c5 2. d3 Nc6 3. Nf3 g6 4. g3 Bg7 5. Bg2 d6 6. O-O e5 7. c3 Nge7 8. Be3
O-O 9. d4 b6 10. d5 Nb8 11. c4 h6 12. Qd2 Kh7 13. h3 f5 14. Nc3 g5 15. exf5
Bxf5 16. g4 Bd7 17. Ne4 Be8 18. h4 gxh4 19. Nxh4 Nxd5 20. Qd3 Kh8 21. Nf5 Nxe3
22. Qxe3 Bc6 23. Rad1 d5 24. cxd5 Bd7 25. Nxh6 Qh4 26. g5 Rf4 27. d6 Nc6 28.
Rfe1 Bxh6 29. gxh6 Rg8 30. Ng3 Rg5 31. Qc3 Nd4 32. Re3 Qxh6 33. Ne4 Rh5 34. Ng3
Rh2 35. Rxe5 Rxg2+ 36. Kxg2 Bc6+ 37. Kf1 Rxf2+ 38. Kxf2 Qf4+ 39. Ke1 Qxe5+ 40.
Kd2 Qf4+ 41. Qe3 Nf3+ 42. Ke2 Qf6 43. Ne4 Bxe4 44. Qxe4 Nd4+ 45. Kd3 b5 46.
Rh1+ Kg8 47. Qd5+ Ne6 48. Rg1+ Kf8 49. Qa8+ Nd8 50. Qe4 Qxd6+ 51. Ke3 a6 52.
Rf1+ Nf7 53. Qa8+ Kg7 54. Rg1+ Kf6 55. Rf1+ Kg7 56. Rg1+ Kf6 57. Qf3+ Ke7 58.
Qe4+ Kf8 59. Rg6 Qd1 60. Qa8+ Ke7 61. Qb7+ Kf8 62. Qc8+ Nd8 63. Qxc5+ Kf7 64.
Qf5+ Ke7 65. Rg7+ Ke8 1-0

[Event "Langley op"]
[Site "Langley CAN"]
[Date "2019.08.31"]
[Round "1.7"]
[White "Roback, Joe"]
[Black "Cook, Martin"]
[Result "1-0"]
[WhiteElo "2056"]
[BlackElo "1284"]
[PlyCount "51"]
[EventDate "2019.08.31"]
[EventType "swiss"]
[EventRounds "6"]
[EventCountry "CAN"]

1. e4 Nf6 2. e5 Nd5 3. d4 d6 4. c4 Nb6 5. exd6 exd6 6. Nc3 Nc6 7. d5 Ne5 8. Bf4
Nexc4 9. Bxc4 Nxc4 10. Qa4+ Bd7 11. Qxc4 Be7 12. Nge2 O-O 13. O-O a6 14. Rfe1
b5 15. Qd3 Bg4 16. Nd4 Bf6 17. Ne4 Bxd4 18. Qxd4 Re8 19. Bh6 f6 20. Ng3 Qd7 21.
h3 gxh6 22. hxg4 Qf7 23. Nh5 Rxe1+ 24. Rxe1 f5 25. Nf6+ Kf8 26. gxf5 1-0

[Event "Langley op"]
[Site "Langley CAN"]
[Date "2019.08.31"]
[Round "1.8"]
[White "Zhang, Raymond Tangning"]
[Black "Lehingrat, Callum"]
[Result "0-1"]
[WhiteElo "1229"]
[BlackElo "2026"]
[PlyCount "116"]
[EventDate "2019.08.31"]
[EventType "swiss"]
[EventRounds "6"]
[EventCountry "CAN"]

1. d4 Nf6 2. Nf3 e6 3. Bf4 c5 4. c3 d5 5. e3 Nc6 6. Bd3 Be7 7. O-O O-O 8. Nbd2
b6 9. Ne5 Bb7 10. Qa4 Nxe5 11. Bxe5 Bd6 12. Bxd6 Qxd6 13. Nf3 Ne4 14. Qc2 Rac8
15. Qe2 f6 16. Ba6 Bxa6 17. Qxa6 e5 18. Qd3 cxd4 19. cxd4 Nxf2 20. Rxf2 e4 21.
Qd2 exf3 22. Rxf3 Qe6 23. Rc1 Rxc1+ 24. Qxc1 Rc8 25. Qd2 Qe4 26. Rf2 Qb1+ 27.
Rf1 Qxa2 28. Qb4 Re8 29. Qc3 Qa4 30. Re1 Qd7 31. Rc1 Kf7 32. Qc7 Qxc7 33. Rxc7+
Re7 34. Rc3 Ke6 35. Kf2 Kd6 36. Ke2 Rc7 37. Kd3 Rxc3+ 38. Kxc3 a5 39. b4 Kc6
40. Kb3 Kb5 41. bxa5 bxa5 42. g4 g6 43. h3 f5 44. gxf5 gxf5 45. h4 h5 46. Ka3
Kc4 47. Ka4 Kd3 48. Kxa5 Kxe3 49. Kb5 Kxd4 50. Kb4 f4 51. Kb5 f3 52. Kb4 f2 53.
Kb5 f1=Q+ 54. Kb6 Qc1 55. Kb5 Qc5+ 56. Ka4 Qb6 57. Ka3 Kc3 58. Ka2 Qb2# 0-1

[Event "Langley op"]
[Site "Langley CAN"]
[Date "2019.08.31"]
[Round "1.9"]
[White "Linnick, Mark"]
[Black "Huang, Nico"]
[Result "1-0"]
[WhiteElo "1923"]
[BlackElo "1203"]
[PlyCount "105"]
[EventDate "2019.08.31"]
[EventType "swiss"]
[EventRounds "6"]
[EventCountry "CAN"]

1. d4 d5 2. Bf4 e6 3. e3 Nf6 4. Nf3 Bd6 5. Bg3 O-O 6. Nbd2 c5 7. c3 c4 8. Ne5
Nc6 9. f4 h6 10. Bh4 Be7 11. Be2 Nd7 12. Bf2 Ndxe5 13. dxe5 Bh4 14. g3 Be7 15.
e4 b5 16. O-O d4 17. a4 d3 18. Bf3 Ba6 19. b3 bxa4 20. bxc4 a3 21. Qa4 Bb7 22.
c5 Qa5 23. Qxa5 Nxa5 24. Rxa3 Nc6 25. Nc4 a5 26. Nd6 Ba6 27. Rb1 Rab8 28. Rab3
Rxb3 29. Rxb3 Rb8 30. Bd1 Bxd6 31. cxd6 Rxb3 32. Bxb3 Kf8 33. Ba4 Bb7 34. Bb6
Ke8 35. Bxa5 Kd7 36. Kf2 Ba6 37. Ke3 f6 38. exf6 gxf6 39. e5 f5 40. Bb6 h5 41.
Bd1 Nb8 42. Bxh5 Kc6 43. Bc7 Nd7 44. Be8 d2 45. Kxd2 Bc8 46. h4 Kb7 47. h5 Nf8
48. h6 Nh7 49. Bd8 Kb8 50. Be7 Kb7 51. d7 Bxd7 52. Bxd7 Kb6 53. Bxe6 1-0

[Event "Langley op"]
[Site "Langley CAN"]
[Date "2019.08.31"]
[Round "1.10"]
[White "Fan, Elaine"]
[Black "Shinn, Jungmin"]
[Result "0-1"]
[WhiteElo "1169"]
[BlackElo "1922"]
[PlyCount "94"]
[EventDate "2019.08.31"]
[EventType "swiss"]
[EventRounds "6"]
[EventCountry "CAN"]

1. e4 e6 2. d4 d5 3. Nc3 Bb4 4. e5 c5 5. dxc5 Qc7 6. Nf3 Qxc5 7. Bd2 Nc6 8. a3
Bxc3 9. Bxc3 Nge7 10. Bd4 Nxd4 11. Qxd4 Qxc2 12. Bd3 Qc7 13. O-O Nc6 14. Qc3
Bd7 15. Rfe1 Rc8 16. Qc2 Nxe5 17. Nxe5 Qxc2 18. Bxc2 Rxc2 19. b4 f6 20. Nd3 e5
21. Nc5 b6 22. Nd3 Bb5 23. Nc1 Kf7 24. Rd1 Rhc8 25. Nb3 Ba4 26. Nc1 Rxf2 27.
Rxd5 Rcc2 28. g3 Rg2+ 29. Kf1 Rxh2 30. Kg1 Bc6 31. Nd3 Bxd5 32. Nf2 Rcxf2 33.
Rd1 Rh1+ 34. Kxf2 Rxd1 35. Ke3 Ra1 36. a4 Rxa4 37. g4 Ra3+ 38. Kd2 Bf3 39. b5
Ke6 40. g5 Kd5 41. gxf6 gxf6 42. Kc2 Kc4 43. Kb2 Rc3 44. Ka2 Rb3 45. Ka1 Kc3
46. Ka2 Be4 47. Ka1 Ra3# 0-1

[Event "Langley op"]
[Site "Langley CAN"]
[Date "2019.08.31"]
[Round "2.1"]
[White "Taylor, Ashton"]
[Black "Nyamdorj, Davaa-Ochir"]
[Result "0-1"]
[WhiteElo "1732"]
[BlackElo "2305"]
[PlyCount "80"]
[EventDate "2019.08.31"]
[EventType "swiss"]
[EventRounds "6"]
[EventCountry "CAN"]

1. Nf3 c5 2. c4 Nf6 3. g3 Nc6 4. Bg2 e5 5. d3 d5 6. O-O Be7 7. Na3 O-O 8. cxd5
Nxd5 9. Nc4 f6 10. Qb3 Kh8 11. Ne3 Nc7 12. Nd2 Nd4 13. Qd1 Rb8 14. Nb3 Nxb3 15.
Qxb3 Be6 16. Qa4 a6 17. Qa5 b6 18. Qa4 b5 19. Qe4 Qc8 20. f4 exf4 21. Rxf4 f5
22. Nxf5 Bxf5 23. Qxe7 Ne6 24. Rxf5 Rxf5 25. Bh3 Re5 26. Bh6 Rb7 27. Bxg7+ Nxg7
28. Qxg7+ Rxg7 29. Bxc8 Rxe2 30. Bxa6 Rxb2 31. a4 bxa4 32. Rxa4 Re7 33. Re4
Rxe4 34. dxe4 Kg7 35. Bc4 Kf6 36. Bd5 Ke5 37. h3 Kd4 38. Kf1 c4 39. g4 c3 40.
Ke1 Kd3 0-1

[Event "Langley op"]
[Site "Langley CAN"]
[Date "2019.08.31"]
[Round "2.2"]
[White "Mohammed Qanee, Arpak Worya"]
[Black "Cronin, Kent"]
[Result "1-0"]
[WhiteElo "2198"]
[BlackElo "1699"]
[PlyCount "23"]
[EventDate "2019.08.31"]
[EventType "swiss"]
[EventRounds "6"]
[EventCountry "CAN"]

1. e4 c5 2. Nf3 Nc6 3. d4 cxd4 4. Nxd4 Nf6 5. Nc3 e5 6. Ndb5 a6 7. Nd6+ Bxd6 8.
Qxd6 Qe7 9. Qd1 b5 10. Bg5 h6 11. Nd5 Qd6 12. Nxf6+ 1-0

[Event "Langley op"]
[Site "Langley CAN"]
[Date "2019.08.31"]
[Round "2.3"]
[White "Su, Ethan"]
[Black "McLaren, Brian"]
[Result "1/2-1/2"]
[WhiteElo "1720"]
[BlackElo "2189"]
[PlyCount "131"]
[EventDate "2019.08.31"]
[EventType "swiss"]
[EventRounds "6"]
[EventCountry "CAN"]

1. e4 Nf6 2. e5 Nd5 3. c4 Nb6 4. a4 a5 5. d4 d6 6. exd6 exd6 7. Nc3 Be7 8. Nf3
Bg4 9. b3 O-O 10. Be2 Re8 11. O-O Bf6 12. Bb2 Na6 13. Qd2 c6 14. Rfe1 d5 15. c5
Nd7 16. h3 Bxf3 17. Bxf3 Nc7 18. Rxe8+ Qxe8 19. Re1 Qd8 20. Nd1 g6 21. Ne3 Bg7
22. Bc3 Ne6 23. Nc2 Qf6 24. Ba1 h5 25. Qd3 Ndf8 26. g3 h4 27. Bg2 Qg5 28. Bc3
f5 29. Bd2 Qf6 30. Be3 Kf7 31. Kh2 Re8 32. Qd2 Qd8 33. Bf4 Nxf4 34. Qxf4 Rxe1
35. Nxe1 hxg3+ 36. fxg3 Ne6 37. Qd2 Bxd4 38. Nf3 Qf6 39. Qxa5 Bxc5 40. b4 Bd6
41. Qb6 Qe7 42. b5 Bc7 43. Qf2 cxb5 44. axb5 Qd6 45. Nd2 Ke7 46. Nf1 b6 47. Ne3
d4 48. Nd5+ Kd8 49. Qf3 f4 50. gxf4 Nxf4 51. Qxf4 Qxf4+ 52. Nxf4 Bxf4+ 53. Kg1
Ke7 54. Be4 g5 55. Kf2 Kd6 56. Ke2 Kc5 57. Bc6 Kc4 58. Kd1 d3 59. Bd7 Kc5 60.
Bc6 Kd4 61. Bd7 d2 62. Bc6 Kc5 63. Bd7 Kc4 64. Bc6 Kc5 65. Bd7 Kd4 66. Bc6
1/2-1/2

[Event "Langley op"]
[Site "Langley CAN"]
[Date "2019.08.31"]
[Round "2.4"]
[White "Doknjas, Neil"]
[Black "Ingram, Richard"]
[Result "1-0"]
[WhiteElo "2158"]
[BlackElo "1664"]
[PlyCount "83"]
[EventDate "2019.08.31"]
[EventType "swiss"]
[EventRounds "6"]
[EventCountry "CAN"]

1. e4 c5 2. Nf3 d6 3. d4 cxd4 4. Nxd4 Nf6 5. Nc3 Nc6 6. Be3 Ng4 7. Nd5 Nxe3 8.
Nxe3 Qa5+ 9. c3 e6 10. Nb5 Qd8 11. Nc4 Ne5 12. Ncxd6+ Bxd6 13. Qxd6 Qxd6 14.
Nxd6+ Ke7 15. Nxc8+ Raxc8 16. Be2 Rhd8 17. Rd1 Nc4 18. Rxd8 Kxd8 19. Bxc4 Rxc4
20. f3 Ra4 21. a3 Ra5 22. Kd2 Kc7 23. Kc2 h5 24. h4 g5 25. hxg5 Rxg5 26. Rh2
Kd6 27. Kd3 a5 28. b4 axb4 29. axb4 f5 30. c4 fxe4+ 31. Kxe4 Re5+ 32. Kd3 Rg5
33. Kd4 b6 34. Ke3 Re5+ 35. Kf2 Rf5 36. Rh4 Kc6 37. Re4 Kd6 38. Kg3 Rg5+ 39.
Kh3 Rf5 40. f4 Kd7 41. g3 Kd6 42. Kh4 1-0

[Event "Langley op"]
[Site "Langley CAN"]
[Date "2019.08.31"]
[Round "2.5"]
[White "Wu, Nathan"]
[Black "Patterson, Roger"]
[Result "0-1"]
[WhiteElo "1686"]
[BlackElo "2059"]
[PlyCount "128"]
[EventDate "2019.08.31"]
[EventType "swiss"]
[EventRounds "6"]
[EventCountry "CAN"]

1. d4 d5 2. Bf4 e6 3. e3 c5 4. c3 Nc6 5. Nd2 Nf6 6. Bd3 Bd6 7. Bg3 e5 8. dxe5
Nxe5 9. Bb5+ Bd7 10. Bxd7+ Qxd7 11. Bxe5 Bxe5 12. Ngf3 Bc7 13. O-O O-O 14. a3
Rfe8 15. b4 b6 16. Qc2 Rad8 17. Nb3 c4 18. Nbd4 a6 19. a4 g6 20. b5 a5 21. Rfd1
Qg4 22. Nc6 Rd7 23. Rd4 Ne4 24. Rad1 Qh5 25. Qb2 Nc5 26. Qc2 Nd3 27. Rh4 Qf5
28. Rd4 Re4 29. h3 Bd6 30. Rxe4 dxe4 31. Ncd4 Qf6 32. Ne1 Qe5 33. g3 h5 34. h4
Qc5 35. Ra1 Be5 36. Ng2 Rc7 37. Qe2 f5 38. Nf4 Nxf4 39. gxf4 Bxd4 40. exd4 Qe7
41. Kg2 Qxh4 42. Qe3 Qd8 43. Qg3 Kh7 44. Kh3 Rf7 45. Qh4 Qd6 46. Qg5 {
Draw offered.} Re7 47. Qg3 Re6 48. Kg2 Qe7 49. Qe3 Qe8 50. Kh3 Kh6 51. Rg1 Qe7
52. Ra1 g5 53. fxg5+ Qxg5 54. Rg1 Qxe3+ 55. fxe3 Rg6 56. Rxg6+ Kxg6 57. Kh4 f4
58. exf4 e3 59. Kg3 h4+ 60. Kf3 h3 61. Kxe3 h2 62. d5 h1=Q 63. Kd4 Kf5 64. Kxc4
Qe4+ 0-1

[Event "Langley op"]
[Site "Langley CAN"]
[Date "2019.08.31"]
[Round "2.6"]
[White "Wang, Jerry"]
[Black "Roback, Joe"]
[Result "0-1"]
[WhiteElo "1656"]
[BlackElo "2056"]
[PlyCount "74"]
[EventDate "2019.08.31"]
[EventType "swiss"]
[EventRounds "6"]
[EventCountry "CAN"]

1. c4 c5 2. Nc3 b6 3. Nf3 Bb7 4. g3 Nf6 5. Bg2 e6 6. O-O Be7 7. d4 cxd4 8. Nxd4
Bxg2 9. Kxg2 a6 10. e4 Qc7 11. Qe2 d6 12. Be3 Nbd7 13. Rac1 O-O 14. f3 Rfc8 15.
b3 Qb7 16. Rfd1 Rc7 17. Qf2 Rac8 18. Nde2 b5 19. cxb5 axb5 20. Bf4 b4 21. Na4
e5 22. Be3 Rc2 23. Rxc2 Rxc2 24. Rd2 Rc8 25. Nb2 d5 26. exd5 Nxd5 27. Nc4 Re8
28. Kg1 Bf8 29. Rd1 Nxe3 30. Nxe3 Bc5 31. Kg2 Nf6 32. h3 Qa7 33. Rd3 e4 34.
fxe4 Rxe4 35. Kf3 Qa8 36. Nd4 Rxd4+ 37. Ke2 Qxa2+ 0-1

[Event "Langley op"]
[Site "Langley CAN"]
[Date "2019.08.31"]
[Round "2.7"]
[White "Lehingrat, Callum"]
[Black "Hoffman, Aaron"]
[Result "1-0"]
[WhiteElo "2026"]
[BlackElo "1629"]
[PlyCount "95"]
[EventDate "2019.08.31"]
[EventType "swiss"]
[EventRounds "6"]
[EventCountry "CAN"]

1. Nf3 c5 2. b3 Nf6 3. Bb2 Nc6 4. e3 d5 5. Bb5 a6 6. Bxc6+ bxc6 7. Ne5 Qb6 8.
d3 g6 9. Nc3 Bg7 10. Na4 Qb7 11. Qd2 c4 12. bxc4 O-O 13. O-O Rd8 14. Rab1 Rb8
15. Qa5 Be6 16. Nc5 Qc8 17. Bd4 Rxb1 18. Rxb1 dxc4 19. Nxc6 Re8 20. Qxa6 cxd3
21. cxd3 Qxa6 22. Nxa6 Bd5 23. Nab4 Bxc6 24. Nxc6 Nd5 25. Bxg7 Kxg7 26. Rb8
Rxb8 27. Nxb8 Nb4 28. a4 Nxd3 29. a5 Nc5 30. Kf1 Kf8 31. a6 Ne6 32. a7 Nc7 33.
Nd7+ Ke8 34. Nb6 e6 35. a8=Q+ Nxa8 36. Nxa8 Kd7 37. Nb6+ Kc6 38. Nc4 Kd5 39.
Nd2 e5 40. Ke2 e4 41. f3 f5 42. fxe4+ fxe4 43. Kf2 Ke5 44. Kg3 Kf5 45. Kh4 h6
46. h3 Ke5 47. Kg4 Kd5 48. Kf4 1-0

[Event "Langley op"]
[Site "Langley CAN"]
[Date "2019.08.31"]
[Round "2.8"]
[White "Sullivan, Brian"]
[Black "Linnick, Mark"]
[Result "0-1"]
[WhiteElo "1605"]
[BlackElo "1923"]
[PlyCount "102"]
[EventDate "2019.08.31"]
[EventType "swiss"]
[EventRounds "6"]
[EventCountry "CAN"]

1. d4 f5 2. Nf3 Nf6 3. c4 g6 4. Nc3 Bg7 5. e3 b6 6. g3 Bb7 7. Bg2 O-O 8. O-O d6
9. d5 e5 10. Ng5 Bc8 11. e4 h6 12. Nh3 fxe4 13. f4 exf3 14. Qxf3 Na6 15. Qd3
Bf5 16. Qe2 Nb4 17. Ne4 Nxe4 18. a3 Na6 19. g4 Ng3 20. hxg3 Bd7 21. Be3 Qe7 22.
Be4 g5 23. Kg2 Rxf1 24. Rxf1 Rf8 25. b4 Rxf1 26. Kxf1 Nb8 27. Nf2 c6 28. Qd3 c5
29. b5 Be8 30. Kg2 Nd7 31. Bf5 Nf6 32. Ne4 Nxe4 33. Qxe4 a6 34. a4 axb5 35.
axb5 Qa7 36. Bg6 Bxg6 37. Qxg6 Qe7 38. Kf3 Qd7 39. Qf5 Qd8 40. Ke4 Kh8 41. Qe6
Qf8 42. Qf5 Qa8 43. Qg6 Qa2 44. Qxd6 Qxc4+ 45. Kf5 Qd3+ 46. Ke6 Qxe3 47. Qxb6
Qb3 48. Qc6 e4 49. b6 e3 50. b7 e2 51. Qe8+ Kh7 0-1

[Event "Langley op"]
[Site "Langley CAN"]
[Date "2019.08.31"]
[Round "2.9"]
[White "Shinn, Jungmin"]
[Black "Pangilinan, Emmanuel"]
[Result "1-0"]
[WhiteElo "1922"]
[BlackElo "1591"]
[PlyCount "93"]
[EventDate "2019.08.31"]
[EventType "swiss"]
[EventRounds "6"]
[EventCountry "CAN"]

1. e4 e5 2. Nf3 Nc6 3. Bb5 Nd4 4. Nxd4 exd4 5. O-O c6 6. Bc4 d5 7. exd5 cxd5 8.
Re1+ Be7 9. Bb5+ Bd7 10. Qg4 g5 11. Qxd4 f6 12. Qxd5 Bxb5 13. Qxb5+ Qd7 14.
Qxd7+ Kxd7 15. d4 Nh6 16. b3 Rhe8 17. Bb2 Bb4 18. Nc3 Rac8 19. Rxe8 Rxe8 20.
Nd5 Be7 21. Re1 Bd8 22. Rxe8 Kxe8 23. f3 Kd7 24. Kf2 Ke6 25. c4 Ng8 26. Ne3 Be7
27. d5+ Kd7 28. Nf5 Bd6 29. Bd4 b6 30. Nxd6 Kxd6 31. Kg3 Ke7 32. f4 Nh6 33. Be3
Nf5+ 34. Kf3 g4+ 35. Ke4 Nd6+ 36. Kd3 Kd7 37. b4 Nf5 38. g3 h5 39. c5 h4 40.
Bf2 hxg3 41. hxg3 bxc5 42. bxc5 a6 43. Kc4 Kc7 44. Kd3 Kd7 45. Ke4 Nh6 46. Bd4
Ke7 47. c6 1-0